header

Food product development based on experience (Record no. 181376)

MARC details
000 -LEADER
fixed length control field 01293nam a2200349Ia 4500
082 04 - DEWEY DECIMAL CLASSIFICATION NUMBER
Classification number 664/.0068
245 00 - TITLE STATEMENT
Title Food product development based on experience
250 ## - EDITION STATEMENT
Edition statement 1st ed.
260 ## - PUBLICATION, DISTRIBUTION, ETC. (IMPRINT)
Place of publication Ames, Iowa :
Name of publisher Iowa State Press,
Year of publication 2002.
300 ## - PHYSICAL DESCRIPTION
Number of Pages xv, 199 p. :
Other physical details ill.
490 1# - SERIES STATEMENT
Series statement IFT basic symposium series
650 #0 - SUBJECT ADDED ENTRY--TOPICAL TERM
Topical Term Food industry and trade.
Topical Term Food.
700 1# - ADDED ENTRY--PERSONAL NAME
Personal name Side, Catherine.
856 40 - ELECTRONIC LOCATION AND ACCESS
Uniform Resource Identifier http://site.ebrary.com/lib/rucke/Doc?id=10296699

No items available.

© 2026 Rongo University
Contact us: librarian | system librarian | Rongo university